000 005130000a22001810004500
003 MACL
005 20160309131606.0
008 160309b xxu||||| |||| 00| 0 eng d
040 _aMACL
_cMACL
041 _aHindi
082 _a891.433
100 _aलक्ष्‍मीनारायण लाल
_944069
245 _aदेवीना
260 _bराजपाल एण्‍ड संस
_c1976
_aदिल्‍ली
350 _a8
650 _aNovel
_944070
942 _cHIN
_k891.433
_2ddc
999 _c26726
_d26726